| 000 | 00801cam a2200229 a 4500 | ||
|---|---|---|---|
| 001 | 000014054 | ||
| 005 | 20200929163444.0 | ||
| 008 | 760630s1976 maua b 001 0bengd | ||
| 020 | _a0395247616 | ||
| 040 |
_aDO-SdBNP _beng _cLC _dBNPHU |
||
| 082 |
_a323.4 _bL241r |
||
| 100 | 1 |
_aLamson, Peggy. _931838 |
|
| 245 | 0 | 0 |
_aRoger Baldwin, founder of the American Civil Liberties Union : _ba portrait / _cPeggy Lamson. |
| 260 |
_aBoston : _bHoughton Mifflin, _c1976. |
||
| 300 |
_axii, 304 p. : _bil. ; _c24 cm. |
||
| 504 | _aIncluye referencias bibliográficas e índice. | ||
| 650 | 4 |
_aDerechos ciciles _931839 |
|
| 650 | 4 |
_aDerechos civiles _zEstados Unidos _xHistoria _931840 |
|
| 600 | 1 | 0 |
_aBALDWIN, ROGER N. _q(Roger Nash), _d1884-1981. _931841 |
| 910 | _aCatalogación por copia / LC | ||
| 049 | _aBNGR | ||
| 999 |
_c13656 _d13656 |
||